000 00933nam0a22002651 4500
001 rc\2987465
005 20250806211801.0
035 _a(NLR Aleph) 007131823
090 _a65768
_c65768
100 _a20110913d1943 u y0rusy50 ca
101 0 _arus
102 _aRU
105 _aa z |||||
200 1 _aФортификационное оборудование местности
_eСборник
_fОтв. ред. полк. И. Егоров
210 _a[Москва]
_cВИА
_d1943
215 _a88 с.
_cил.
_d22 см
225 1 _aВестник военно-инженерной академии Красной армии им. В.В. Куйбышева
_v37
702 1 _aЕгоров
_bИ.
_4340
801 0 _aRU
_bNLR
_gpsbo
801 1 _aRU
_bELAR
_2rusmarc
852 _aNLR
_jВ60 В-4/7(37)
942 _cBOOK
945 _aРоссийская национальная библиотека
980 _aNB
980 _aBV